| 000 | 00407nam a2200169 4500 | ||
|---|---|---|---|
| 003 | 3228 | ||
| 005 | 20250911114020.0 | ||
| 008 | 250911b sa ||||| |||| 00| 0 eng d | ||
| 020 | _a9780747207498 | ||
| 040 |
_aMPL _c3228 |
||
| 082 | 0 | _aEF FRA | |
| 100 | _dFrancome, John | ||
| 245 |
_aOutsider _cJohn Francome |
||
| 260 |
_aGreat Britain _bClays _c1993 |
||
| 300 |
_a281 pages _c24cm |
||
| 942 |
_2ddc _cBOOK _w437 _xZodwa Maseko _y437 _zZodwa Maseko |
||
| 999 |
_c785359 _d785358 |
||